000
00204nam a2200085Ia 4500
008
220204s9999 xx 000 0 und d
082
_a
058(540)
_b
IND
245
0
_a
India: A reference annual 1985
942
_c
BK
999
_c
39197
_d
39197